| 000 | 00485cam a2200193ua 4500 | ||
|---|---|---|---|
| 020 |
_a0-85226-914-5 _c58.00 |
||
| 041 |
_aeng _h |
||
| 082 |
_a620.0042 _bDAS/DE |
||
| 100 | _aDas, M N . | ||
| 245 |
_aDesign and analysis of experiments / _cM N Das. _hTextual Documents |
||
| 250 |
_a2 / _b. |
||
| 260 |
_aNew Delhi : _bWiley Eastern Ltd , _c1988. |
||
| 300 | _a488 ; . | ||
| 365 | _a58.00 | ||
| 504 | _a | ||
| 700 | 1 | _aGiri, N C . | |
| 942 | _cBK | ||
| 999 |
_c10289 _d10289 |
||